Твердофазный синтез волластонита и исследование эксплутационных характеристик керамики на его основе; Огнеупоры и техническая керамика; № 3

Dettagli Bibliografici
Parent link:Огнеупоры и техническая керамика: международный научно-технический и производственный журнал/ ООО "Меттекс".— , 1996-.— 0369-7290
№ 3.— 2009.— С. 40-44
Altri autori: Шиманский А. Ф., Погодаев А. М., Самойло А. С., Верещагин В. И. Владимир Иванович
Lingua:russo
Pubblicazione: 2009
Soggetti:
Natura: MixedMaterials Capitolo di libro
KOHA link:https://koha.lib.tpu.ru/cgi-bin/koha/opac-detail.pl?biblionumber=450645

MARC

LEADER 00000naa2a2200000 4500
001 450645
005 20240208094409.0
035 |a (RuTPU)RU\TPU\prd\112822 
035 |a RU\TPU\prd\85046 
090 |a 450645 
100 |a 20110614a2009 k y0rusy50 ca 
101 0 |a rus 
102 |a RU 
200 1 |a Твердофазный синтез волластонита и исследование эксплутационных характеристик керамики на его основе  |f А. Ф. Шиманский [и др.] 
461 1 |0 (RuTPU)RU\TPU\prd\530  |x 0369-7290  |t Огнеупоры и техническая керамика  |o международный научно-технический и производственный журнал  |f ООО "Меттекс"  |d 1996- 
463 1 |0 (RuTPU)RU\TPU\prd\112821  |t № 3  |v С. 40-44  |d 2009 
610 1 |a труды учёных ТПУ 
701 1 |a Шиманский  |b А. Ф. 
701 1 |a Погодаев  |b А. М. 
701 1 |a Самойло  |b А. С. 
701 1 |a Верещагин  |b В. И.  |c химик-технолог  |c профессор Томского политехнического университета, доктор технических наук  |f 1942-  |g Владимир Иванович  |3 (RuTPU)RU\TPU\pers\19774  |9 7712 
801 1 |a RU  |b 63413507  |c 20100702 
801 2 |a RU  |b 63413507  |c 20111013  |g RCR 
942 |c BK